[Event "Thessaloniki ol (Men)"]
[Site "Thessaloniki"]
[Date "1988.??.??"]
[Round "5"]
[White "Hernandez, G."]
[Black "Franzoni, Giancarlo"]
[Result "1/2-1/2"]
[WhiteElo "2200"]
[BlackElo "2435"]

1.Nf3 Nf6 2.c4 e6 3.d4 Bb4+ 4.Nc3 b6 5.Bg5 Bb7 6.e3 h6 7.Bh4 c5 8.Bd3 cxd4
9.exd4 Bxf3 10.Qxf3 Nc6 11.Qe3 Be7 12.Bg3 d5 13.cxd5 Nxd5 14.Qe4 Qd7 15.O-O Nf6
16.Qe3 O-O 17.Rfd1 Nb4 18.Bb5 Qb7 19.Rac1 Qa6 20.Be2 Rac8 21.Be5 Rfd8 22.Qg3 b5
23.Bf3 Qb6 24.d5 exd5 25.a3 d4 26.axb4 dxc3 27.bxc3 Rxd1+ 28.Rxd1 Rd8 29.Rxd8+ Bxd8
30.Qf4 a5 31.bxa5 Qxa5 32.g3 Be7 33.Qd4 b4 34.cxb4 Qxb4 35.Qe3 Bc5 36.Qe2 Bd4
37.Bxf6 Bxf6  1/2-1/2

[Event "Thessaloniki ol (Men)"]
[Site "Thessaloniki"]
[Date "1988.??.??"]
[Round "9"]
[White "Erdogan, Hakan"]
[Black "Arlandi, Ennio"]
[Result "0-1"]
[WhiteElo "2200"]
[BlackElo "2405"]

1.d4 Nf6 2.c4 e6 3.Nf3 Bb4+ 4.Nc3 c5 5.g3 cxd4 6.Nxd4 O-O 7.Nc2 Bxc3+ 8.bxc3 Qa5
9.Qd3 Nc6 10.Bg2 d5 11.cxd5 Nxd5 12.Bd2 Rd8 13.Nd4 Ne5 14.Qb5 Qc7 15.Bxd5 exd5
16.O-O a6 17.Qb4 Qd7 18.Bf4 Ng6 19.Be3 Qe8 20.Nf3 Bh3 21.Rfd1 Rd7 22.Ng5 Bf5
23.g4 Be6 24.h3 Rc8 25.Rd4 Rc4 26.Rxc4 dxc4 27.Qa4 Bd5 28.Rd1 b5 29.Qc2 h6
30.Nf3 Be4 31.Qc1 Bxf3 32.exf3 Nh4 33.Rxd7 Qxd7 34.f4 Qd5 35.Qf1 Nf3+ 36.Kh1 b4
37.cxb4 c3 38.a4 c2 39.Bc1 Qd1 40.Kg2 Ne1+ 41.Kg1 Qxc1  0-1

[Event "URS-ch otbor56"]
[Site "Uzhgorod"]
[Date "1988.??.??"]
[Round "?"]
[White "Sideif Sade, Fikret I"]
[Black "Janjgava, Lasha"]
[Result "0-1"]
[WhiteElo "2395"]
[BlackElo "2470"]

1.d4 Nf6 2.c4 e6 3.Nc3 Bb4 4.Nf3 d5 5.Bg5 dxc4 6.e4 c5 7.e5 h6 8.exf6 hxg5
9.fxg7 Rg8 10.dxc5 Qxd1+ 11.Rxd1 Rxg7 12.Bxc4 Nc6 13.O-O g4 14.Nd2 Bxc5 15.Nde4 Be7
16.Nd6+ Bxd6 17.Rxd6 Ke7 18.Rfd1 Ne5 19.Bb5 a6 20.Be2 Bd7 21.R6d4 Bc6 22.Ne4 Rh7
23.Ng5 Rg7 24.Ne4 Rh8 25.Ng3 f5 26.Re1 Kf6 27.Bd1 Rd7 28.Rxd7 Bxd7 29.Bb3 a5
30.a4 Nd3 31.Rd1 Nc5 32.Ne2 Bxa4 33.Bxa4 Nxa4 34.Ra1 Nxb2 35.Rxa5 Rd8 36.h3 Rd1+
37.Kh2 Rd2 38.Nf4 gxh3 39.Nxh3 Nd3 40.Kg3 b6 41.Ra3 Nc5 42.f3 e5 43.Ra8 f4+
44.Kh2 b5 45.Rf8+ Ke7 46.Rb8 Rb2 47.Ng5 b4 48.Kh3 b3 49.g3 Rb1 50.gxf4 b2
51.Kg2 exf4 52.Rb5 Nd3 53.Ne4 Rc1  0-1

[Event "URS-ch otbor56"]
[Site "Uzhgorod"]
[Date "1988.??.??"]
[Round "?"]
[White "Sideif Sade, Fikret I"]
[Black "Savon, Vladimir A"]
[Result "0-1"]
[WhiteElo "2395"]
[BlackElo "2430"]

1.d4 Nf6 2.c4 e6 3.Nc3 Bb4 4.Nf3 O-O 5.Bg5 h6 6.Bh4 c5 7.e3 Bxc3+ 8.bxc3 d6
9.Bd3 Nbd7 10.O-O e5 11.Nd2 Qe7 12.Kh1 cxd4 13.exd4 Re8 14.Qe2 b6 15.Rae1 Bb7
16.f4 e4 17.Bc2 Rac8 18.Qe3 d5 19.Bb3 Ba6 20.cxd5 Bxf1 21.Nxf1 b5 22.Ng3 Nxd5
23.Bxe7 Nxe3 24.Rxe3 Rxe7 25.Nf5 Rce8 26.Nxe7+ Rxe7 27.g3 Kf8 28.f5 Nf6 29.Kg2 Ke8
30.h3 Kd7 31.a4 a6 32.axb5 axb5 33.Re1 Kd6 34.Ra1 Rc7 35.Ra6+ Ke7 36.Rb6 Rxc3
37.Rxb5 Nh5 38.Rb7+ Kd6 39.Bxf7 Nxg3 40.Be6 Nh5 41.Rd7+ Kc6 42.d5+ Kb6 43.Rd6+ Ka5
44.Rc6 Nf4+ 45.Kf1 Rf3+ 46.Ke1 e3 47.Rc4 Ng2+ 48.Ke2 Rf2+ 49.Kd3 e2 50.Rc5+ Kb6
51.Rc6+ Kb7  0-1

[Event "URS-ch otbor56"]
[Site "Uzhgorod"]
[Date "1988.??.??"]
[Round "?"]
[White "Temirbaev, Serik"]
[Black "Annageldiev, Orazly"]
[Result "1-0"]
[WhiteElo "2375"]
[BlackElo "2365"]

1.d4 Nf6 2.c4 e6 3.Nc3 Bb4 4.Nf3 c5 5.e3 b6 6.a3 Bxc3+ 7.bxc3 Bb7 8.Bd3 Ne4
9.Qc2 f5 10.O-O O-O 11.Nd2 Qh4 12.f3 Ng5 13.d5 Rf6 14.f4 Nh3+ 15.gxh3 Rg6+
16.Kh1 Qxh3 17.Nf3 exd5 18.Qf2 d6 19.cxd5 Bxd5 20.c4 Bb7 21.Be2 Nd7 22.Bb2 Re8
23.Rg1 Rg4 24.Raf1 Re6 25.Rg3 Rxg3 26.Qxg3 Qxg3 27.hxg3 Rxe3 28.Bd1 Ba6 29.Nd2 Rd3
30.Rf2 Bxc4 31.Bc2 Bd5+ 32.Kh2 Re3 33.Bxf5 Nf6 34.g4 c4 35.Bd4 Rxa3 36.Nb1 Rb3
37.Nc3 Bf7 38.Re2 b5 39.Bc2 Rb2 40.Bxh7+ Kxh7 41.Rxb2  1-0

[Event "Vrnjacka Banja"]
[Site "Vrnjacka Banja"]
[Date "1988.??.??"]
[Round "?"]
[White "Maksimovic, Branimir"]
[Black "Rashkovsky, Nukhim N"]
[Result "0-1"]
[WhiteElo "2400"]
[BlackElo "2490"]

1.d4 Nf6 2.c4 e6 3.Nc3 Bb4 4.Nf3 d5 5.Bg5 h6 6.Bxf6 Qxf6 7.e3 O-O 8.cxd5 exd5
9.Rc1 c6 10.Be2 Qg6 11.O-O Nd7 12.Bd3 Qh5 13.Ne2 Bd6 14.Nf4 Bxf4 15.exf4 Nf6
16.h3 Ne4 17.Bxe4 dxe4 18.Rc5 Qg6 19.Ne5 Qf6 20.Qd2 Be6 21.Re1 Rfd8 22.a3 Bd5
23.Rc3 Rd6 24.Rg3 Rad8 25.Ng4 Qf5 26.Qa5 Qxf4 27.Qxa7 Qd2 28.Rc3 f5 29.Nxh6+ Rxh6
30.Qxb7 Qxd4 31.Rg3 f4 32.Rc3 Rf8 33.a4 e3 34.Rd3 exf2+  0-1

[Event "Vrnjacka Banja"]
[Site "Vrnjacka Banja"]
[Date "1988.??.??"]
[Round "?"]
[White "Rashkovsky, Nukhim N"]
[Black "Trifunovic, Miroljub"]
[Result "1-0"]
[WhiteElo "2490"]
[BlackElo "2275"]

1.d4 Nf6 2.c4 e6 3.Nc3 Bb4 4.Nf3 Ne4 5.Qc2 f5 6.e3 b6 7.Be2 Bb7 8.O-O Bxc3
9.bxc3 O-O 10.Ne1 Nc6 11.f3 Nd6 12.Ba3 Rf6 13.c5 Nf7 14.f4 g5 15.Nd3 g4 16.e4 Rh6
17.g3 Ne7 18.Nf2 bxc5 19.dxc5 Qe8 20.c4 d6 21.Rab1 Bc6 22.Qc3 dxc5 23.Bb2 Rg6
24.Bd3 h5 25.Rfe1 Qd7 26.Rbd1 Re8 27.Re3 Bb7 28.exf5 exf5 29.Be4 Qc8 30.Bxb7 Qxb7
31.Re6  1-0

[Event "Yerevan"]
[Site "Yerevan"]
[Date "1988.??.??"]
[Round "?"]
[White "Anastasian, Ashot"]
[Black "Smagin, Sergey"]
[Result "1/2-1/2"]
[WhiteElo "2445"]
[BlackElo "2540"]

1.d4 Nf6 2.c4 e6 3.Nc3 Bb4 4.Nf3 c5 5.g3 cxd4 6.Nxd4 O-O 7.Bg2 d5 8.Qb3 Bxc3+
9.bxc3 Nc6 10.cxd5 Na5 11.Qc2 Nxd5 12.O-O Qc7 13.a4 a6 14.e4 Nb6 15.Ba3 Rd8
16.Bb4 Nbc4 17.Qe2 b6 18.Rfb1 Bb7 19.h4 Rac8 20.Ra2 Ba8 21.Bxa5 bxa5 22.Kh2 e5
23.Nf5 g6 24.Qg4 Kh8 25.Nh6 Qe7 26.Rd1 Qf8 27.Rxd8 Rxd8 28.Qe2 Rc8 29.Ng4 Kg7
30.h5 gxh5 31.Ne3 Nxe3 32.Qxe3 Qe7 33.Bh3 Rd8 34.Rb2 h4 35.Rb6 Rd6 36.Bf5 Rxb6
37.Qxb6 Qf6 38.Qa7 hxg3+ 39.fxg3 Bc6 40.Qc5 Bxa4 41.Qxa5 Bb5 42.Qc7 Qh6+
43.Bh3 Qh5 44.c4 Qe2+ 45.Bg2 Bxc4 46.Qxe5+ f6 47.Qe7+ Bf7 48.Qc7 Qh5+ 49.Bh3 a5
50.Qa7 Qe2+ 51.Bg2 Qb5 52.Bf3 Qb2+ 53.Kh3 Qa1 54.Kh2 Qa2+ 55.Kh3 Kg6 56.Bg4 a4
57.Qe7 Qc4 58.e5 Qf1+ 59.Kh2 Qf2+ 60.Kh3 Qf1+ 61.Kh2 Qf2+ 62.Kh3 fxe5 63.Qxe5 Qf1+
64.Kh2 Qf2+ 65.Kh3 Qf1+ 66.Kh2 Qf6 67.Bh5+ Kg7 68.Qc7 Qf2+ 69.Kh3 Qf5+ 70.g4 Qf3+
71.Kh2 Qf2+ 72.Kh3 h6 73.Qc3+ Kg8 74.Qc8+ Kg7 75.Qc3+ Qf6 76.Qc7 Qf1+ 77.Kg3 Qd3+
78.Kh4 Qf3 79.Qa7 Qf6+ 80.Kg3 Qc3+ 81.Kg2  1/2-1/2

[Event "Alicante op2"]
[Site "Alicante"]
[Date "1989.??.??"]
[Round "?"]
[White "Campos Moreno, Javier B"]
[Black "Villavicencio, Adalberto"]
[Result "1-0"]
[WhiteElo "2430"]
[BlackElo "2325"]

1.d4 Nf6 2.c4 e6 3.Nc3 Bb4 4.Nf3 c5 5.g3 cxd4 6.Nxd4 O-O 7.Bg2 d5 8.cxd5 Nxd5
9.Bd2 Bxc3 10.bxc3 Qc7 11.Qb3 Nc6 12.Nb5 Qe7 13.c4 Nb6 14.O-O e5 15.Nxa7 Rxa7
16.Qxb6 Ra6 17.Qb5 Nd4 18.Qb2 Qf6 19.Bb4 Re8 20.Bc5 Bg4 21.Rfe1 Ne6 22.Be3 Nd8
23.Red1 Qe7 24.h3 Bf5 25.Rd2 e4 26.Qb5 Bc8 27.Bc5 Qe5 28.Bd4 Qe7 29.Rad1 Nc6
30.Bc5 Qc7 31.Bd6 Qb6 32.Bf4 h6 33.Qd5  1-0

[Event "OHRA-A"]
[Site "Amsterdam"]
[Date "1989.??.??"]
[Round "?"]
[White "Piket, Jeroen"]
[Black "Beliavsky, Alexander G"]
[Result "0-1"]
[WhiteElo "2540"]
[BlackElo "2620"]

1.d4 Nf6 2.c4 e6 3.Nc3 Bb4 4.Nf3 c5 5.g3 O-O 6.Bg2 cxd4 7.Nxd4 d5 8.Qb3 Bxc3+
9.Qxc3 e5 10.Nb3 d4 11.Qa5 Qe7 12.O-O Nc6 13.Qc5 Qc7 14.f4 Nd7 15.Qd5 Rd8
16.Qf3 a5 17.fxe5 Ndxe5 18.Qf4 Qe7 19.Bd5 Bh3 20.Bd2 Bxf1 21.Rxf1 Kh8 22.a4 f6
23.Qe4 Nb4 24.Bxb4 Qxb4 25.Nxd4 Nxc4 26.Ne6 Qb6+ 27.Kh1 Nd2 28.Nxd8 Rxd8
29.Qf5 Nxf1 30.Be4 Nxg3+ 31.hxg3 Rd1+ 32.Kh2 Qg1+ 33.Kh3 Qf1+  0-1

[Event "Barcelona Vulca"]
[Site "Barcelona"]
[Date "1989.??.??"]
[Round "?"]
[White "Campos Moreno, Javier B"]
[Black "Vehi Bach, Victor Manuel"]
[Result "1/2-1/2"]
[WhiteElo "2430"]
[BlackElo "2360"]

1.d4 Nf6 2.c4 e6 3.Nc3 Bb4 4.Nf3 b6 5.Bg5 Bb7 6.e3 h6 7.Bh4 Bxc3+ 8.bxc3 d6
9.Nd2 Nbd7 10.f3 Qe7 11.e4 g5 12.Bf2 Nh5 13.Qa4 c5 14.O-O-O Kf8 15.d5 exd5
16.exd5 Ne5 17.g3 Bc8 18.Re1 Bd7 19.Qc2 Qf6 20.Ne4 Qg6 21.Bd3 f5 22.Nd2 Qf6
23.Be2 Ng7 24.Be3 Re8 25.f4 Nf7 26.Bd3 g4 27.h3 h5 28.h4 Nd8  1/2-1/2

[Event "Barnsdale YM"]
[Site "Barnsdale"]
[Date "1989.??.??"]
[Round "?"]
[White "Ward, Christopher"]
[Black "Chandler, Murray G"]
[Result "0-1"]
[WhiteElo "2370"]
[BlackElo "2600"]

1.d4 Nf6 2.c4 e6 3.Nc3 Bb4 4.Nf3 b6 5.Bg5 Bb7 6.e3 h6 7.Bh4 Bxc3+ 8.bxc3 d6
9.Bd3 Nbd7 10.O-O Qe7 11.Nd2 g5 12.Bg3 h5 13.f4 h4 14.Be1 gxf4 15.Rxf4 h3
16.Rh4 O-O-O 17.e4 hxg2 18.Qf3 Kb8 19.a4 a5 20.Rb1 e5 21.c5 dxc5 22.d5 Rdg8
23.Bb5 Nf8 24.Nc4 Ka7 25.Ne3 Ng6 26.Rxh8 Rxh8 27.Nf5 Qd8 28.Rb2 Nf4 29.Ne3 Rxh2
30.Nxg2 Qh8 31.Bg3 Nh3+ 32.Kf1 Rh1+ 33.Ke2 Ng1+  0-1

[Event "GMA-qual"]
[Site "Belgorod"]
[Date "1989.??.??"]
[Round "?"]
[White "Orlov, Georgi"]
[Black "Bagaturov, Giorgi"]
[Result "1/2-1/2"]
[WhiteElo "2470"]
[BlackElo "2365"]

1.d4 Nf6 2.c4 e6 3.Nc3 Bb4 4.Nf3 c5 5.e3 O-O 6.Bd3 d5 7.O-O dxc4 8.Bxc4 Nbd7
9.a3 cxd4 10.exd4 Be7 11.Qe2 Nb6 12.Bd3 Bd7 13.Ne5 Bc6 14.Nxc6 bxc6 15.Rd1 Nbd5
16.Ne4 Qb6 17.Qc2 Nxe4 18.Bxe4 g6 19.Bh6 Rfd8 20.Rac1 Rac8 21.Bf3 Bf6 22.Be3 Nxe3
23.fxe3 e5 24.dxe5 Qxe3+ 25.Qf2 Qxe5 26.Kh1 Rxd1+ 27.Rxd1 c5 28.b3 Re8 29.Bd5 Qc3
30.Bc4 Kg7 31.Qxc5 Bd4 32.Qb4 Qxb4 33.axb4 Bb6 34.g4 Re7 35.Kg2 f6 36.Rd6 Bc7
37.Rd5  1/2-1/2

[Event "GMA-qual"]
[Site "Belgorod"]
[Date "1989.??.??"]
[Round "?"]
[White "Orlov, Georgi"]
[Black "Zagrebelny, Sergey"]
[Result "0-1"]
[WhiteElo "2470"]
[BlackElo "2345"]

1.d4 Nf6 2.c4 e6 3.Nc3 Bb4 4.Nf3 c5 5.g3 cxd4 6.Nxd4 O-O 7.Bg2 d5 8.O-O dxc4
9.Qa4 Na6 10.Ndb5 Nd5 11.Rd1 Bxc3 12.Nxc3 Nxc3 13.bxc3 Nc5 14.Qc2 Qc7 15.Rd4 e5
16.Rxc4 Be6 17.Rh4 f5 18.a4 h6 19.Rb4 b6 20.Be3 Rac8 21.a5 f4 22.axb6 axb6
23.gxf4 exf4 24.Bd4 Rf5 25.Bf3 Kh8 26.Kh1 Rg5 27.h4 Bf5 28.Qc1 Rg6 29.Bxc5 Qxc5
30.Qxf4 Qxc3 31.Rd1 Bc2 32.Rc1 Qc5 33.Rd4 b5 34.h5 Rg5 35.Rd2 Rf8 36.Qe3 Qf5
37.Bg2 Qg4 38.Qg3 Qxh5+ 39.Qh3 Qg6 40.Kg1 Be4 41.f3 Bf5 42.Qh2 Qb6+ 43.Kf1 Qe3
44.Rcd1 Re8 45.Qh4 b4 46.Qf2 b3 47.Qxe3 Rxe3 48.Kf2 Rc3 49.Rd8+ Kh7 50.Rb8 Rg6
51.Rd5 Be6 52.Rd4 Rc8 53.Rb6 Bc4 54.Rxg6 Kxg6 55.f4 Kf6 56.Rd6+ Ke7 57.Rg6 Bf7
58.Rb6 Be6 59.Bf3 Rc4 60.Ke3 Ra4 61.Rb7+ Kd6 62.Rb6+ Kd7 63.Rb7+ Kc8 64.Rb6 Bc4
65.f5 Kc7 66.Rc6+ Kd7 67.Rb6 Ke7 68.Kf2 Ra6 69.Rb4 Bf7 70.e4 Kf6 71.Rb7 Bc4
72.Ke3 Ra5 73.Kf4 g5+ 74.fxg6 Rb5 75.e5+ Rxe5 76.Be4 Rb5 77.Rc7 Be6 78.Rh7 Rb4
79.Kf3 Rxe4  0-1

[Event "Belgrade op"]
[Site "Belgrade"]
[Date "1989.??.??"]
[Round "6"]
[White "Blagojevic, Dragisa"]
[Black "Milanovic, Vojislav"]
[Result "0-1"]
[WhiteElo "2400"]
[BlackElo "2230"]

1.d4 Nf6 2.c4 e6 3.Nc3 Bb4 4.Nf3 O-O 5.Bg5 c5 6.d5 h6 7.Bh4 Bxc3+ 8.bxc3 d6
9.e3 e5 10.Nd2 Nbd7 11.Bd3 Re8 12.Qc2 Nf8 13.O-O g5 14.Bg3 Qe7 15.f3 Nh5
16.Bf2 Kg7 17.g4 Nf6 18.h3 Ng6 19.Bg3 Bd7 20.Rf2 b5 21.Raf1 bxc4 22.Bxc4 Rf8
23.f4 exf4 24.exf4 gxf4 25.Bxf4 Nxf4 26.Rxf4 Nh7 27.Kg2 f5 28.gxf5 Kh8 29.Ne4 Rg8+
30.Kh2 Raf8 31.Ng3 Qe5 32.Qd3 Rf7 33.Re4 Rxg3 34.Rxe5 Rxd3 35.Bxd3 dxe5 36.Kg3 Kg7
37.c4 Kf6 38.Kh4 Ng5 39.Kg4 Rg7 40.Rb1 Ne6+ 41.Kh4 Nf4 42.Be4 Bxf5 43.Bxf5 Kxf5
44.Rb8 Rg5 45.Rf8+ Ke4 46.Rxf4+ exf4 47.d6 Rg6  0-1

[Event "Elekes mem"]
[Site "Budapest"]
[Date "1989.??.??"]
[Round "?"]
[White "Schoen, Wolfram"]
[Black "Petran, Pal"]
[Result "1/2-1/2"]
[WhiteElo "2405"]
[BlackElo "2440"]

1.d4 Nf6 2.c4 e6 3.Nc3 Bb4 4.Nf3 O-O 5.e3 d5 6.Bd3 c5 7.O-O cxd4 8.exd4 dxc4
9.Bxc4 b6 10.Bg5 Bb7 11.Qe2 Bxc3 12.bxc3 Nbd7 13.Ne5 Qc7 14.Nxd7 Nxd7 15.Rac1 e5
16.Bb5 Bc6 17.Bxc6 Qxc6 18.dxe5 Rae8 19.f4 f6 20.Bh4 fxe5 21.fxe5 Rxf1+ 22.Rxf1 Rxe5
23.Qd1 h6 24.Bf2 Nc5 25.Bd4 Rg5 26.Qe2 Ne6 27.Qf3 Qxf3 28.Rxf3 Ra5 29.Rf2 Nxd4
30.cxd4 Ra3 31.h3 Rd3 32.Rf4 Rd2 33.a4 Ra2 34.d5 Rd2 35.Rf5 Rd4 36.Kf2 g6
37.Ke3 Rd1 38.Rf6 Rxd5 39.Rxg6+ Kh7 40.Rg4  1/2-1/2

[Event "Spring op"]
[Site "Budapest"]
[Date "1989.??.??"]
[Round "?"]
[White "Schoen, Wolfram"]
[Black "Simonyi, Zoltan"]
[Result "0-1"]
[WhiteElo "2405"]
[BlackElo "2275"]

1.d4 Nf6 2.c4 e6 3.Nc3 Bb4 4.Nf3 c5 5.e3 Nc6 6.Bd3 Bxc3+ 7.bxc3 d6 8.O-O e5
9.Ng5 Qe7 10.Qc2 h6 11.Ne4 O-O 12.f4 exd4 13.exd4 Nxe4 14.Bxe4 cxd4 15.Bb2 dxc3
16.Qxc3 f6 17.Bc2 Be6 18.Rfe1 Qf7 19.Bb3 Kh8 20.Rad1 Rfd8 21.Ba3 b6 22.f5 Bxf5
23.Qf3 Bd7 24.Rxd6 Re8 25.Rf1 Ne5 26.Qf4 Be6 27.Bb2 Qh5 28.Re1 Bg8 29.Red1 Qg5
30.Qxg5 hxg5 31.Bxe5 Rxe5 32.Rd7 a5 33.Bc2 f5 34.Rd8 Rxd8 35.Rxd8 Kh7 36.Bd3 Rc5
37.Rd4 g6 38.Kf2 Kg7 39.a3 Rc6 40.g3 Kf6 41.h4 Ke5 42.Ke3 gxh4 43.Rxh4 g5
44.Rh5 Bxc4 45.Rxg5 Bxd3 46.Kxd3 Kf6 47.Rg8 Rc1 48.Rb8 Rb1 49.Kc4 a4 50.Rf8+ Ke5
51.Re8+ Kd6 52.Rd8+ Ke6 53.Rd4 Ke5 54.Rd5+ Kf6 55.Rd4 Kg5 56.Rd8 Rb3 57.Rg8+ Kf6
58.g4 f4 59.Rf8+ Kg5 60.Rg8+ Kh6 61.Rf8 f3 62.Rf5 Kg6 63.Rf8 Kg5 64.Rg8+ Kf4
65.g5 f2 66.Rf8+ Kg3 67.g6 Rf3  0-1

[Event "Spring op"]
[Site "Budapest"]
[Date "1989.??.??"]
[Round "?"]
[White "Schoen, Wolfram"]
[Black "Tsesarsky, Ilya"]
[Result "1/2-1/2"]
[WhiteElo "2405"]
[BlackElo "2455"]

1.d4 Nf6 2.c4 e6 3.Nc3 Bb4 4.Nf3 b6 5.e3 Bb7 6.Bd3 Ne4 7.O-O Bxc3 8.bxc3 f5
9.Ba3 d6 10.d5 exd5 11.Nd4 dxc4 12.Bxc4 d5 13.Ne6 Qd7 14.Bxd5 Bxd5 15.Qxd5 Qxd5
16.Nxc7+ Kf7 17.Nxd5 Rc8 18.Rfc1 Nd7 19.Ne7 Rxc3 20.Rxc3 Nxc3 21.Nxf5 g6
22.Nd4 Nc5 23.Kf1 Nd3 24.Nc2 a5 25.Ne1 Nb4 26.Bxb4 axb4 27.Nc2 Rxa2 28.Rxa2 Nxa2
29.Ke2 Ke6 30.Kd3 Kd5 31.Nd4 Nc3 32.f3 Na4 33.e4+ Kc5 34.Nb3+ Kb5  1/2-1/2

[Event "Spring op"]
[Site "Budapest"]
[Date "1989.??.??"]
[Round "?"]
[White "Simonyi, Zoltan"]
[Black "Farago, Sandor"]
[Result "1-0"]
[WhiteElo "2275"]
[BlackElo "2395"]

1.d4 Nf6 2.c4 e6 3.Nf3 Bb4+ 4.Nc3 c5 5.g3 cxd4 6.Nxd4 Nc6 7.Bg2 Qb6 8.Nc2 Bxc3+
9.bxc3 O-O 10.Ba3 Re8 11.Bd6 Qa5 12.Qd3 b6 13.O-O Ba6 14.Nb4 Bb7 15.Rfd1 Qa4
16.Rab1 Rac8 17.c5 bxc5 18.Nd5 Nxd5 19.Rxb7 c4 20.Qd2 Nxc3 21.Rc1 Nb5 22.Bxc6 Rxc6
23.Be5 Rc5 24.Qxd7 Rf8 25.Bd6 Nxd6 26.Qxa4 Nxb7 27.Rxc4 Rxc4 28.Qxc4 Nd6
29.Qc7 Nc8 30.a4 g6 31.a5 Kg7 32.Kg2 Kf6 33.Kf3 e5 34.Qd7 Kg5 35.h4+ Kh6
36.Ke4 f6 37.Qc7 Re8 38.Qd7 Rf8 39.g4 f5+ 40.gxf5 gxf5+ 41.Kxe5 Kg6 42.h5+ Kh6
43.f4 a6 44.e3 Rg8  1-0

[Event "Elekes mem"]
[Site "Budapest"]
[Date "1989.??.??"]
[Round "?"]
[White "Petran, Pal"]
[Black "Lutz, Christopher"]
[Result "1/2-1/2"]
[WhiteElo "2440"]
[BlackElo "2375"]

1.d4 Nf6 2.c4 e6 3.Nf3 Bb4+ 4.Nc3 b6 5.Bg5 Bb7 6.e3 h6 7.Bh4 g5 8.Bg3 Ne4
9.Qc2 Bxc3+ 10.bxc3 Nxg3 11.fxg3 g4 12.Nh4 Qg5 13.Qd2 f5 14.Bd3 Nc6 15.e4 Qxd2+
16.Kxd2 fxe4 17.Bxe4 O-O-O 18.Ng6 Rhe8 19.Rae1 Ba6 20.Bxc6 dxc6 21.Ne5 c5
22.Ke3 cxd4+ 23.cxd4 h5 24.h3 gxh3 25.gxh3 Rg8 26.g4 hxg4 27.hxg4 Bxc4 28.Rc1 b5
29.Rh7 Rd5 30.Nxc4 bxc4 31.Rxc4 Rxg4 32.Rcxc7+ Kb8 33.Rb7+ Ka8 34.Rxa7+ Kb8
35.Rab7+ Ka8 36.Rbd7 Rxd7 37.Rxd7 Rg5 38.Re7 Ra5 39.Rxe6 Kb7 40.Re5 Rxa2
41.Rc5 Ra8 42.Ke4 Kb6 43.Rc4 Kb5 44.Rc1 Re8+ 45.Kd3 Rd8 46.Rc5+ Kb6 47.Kc4 Rh8
48.Rg5 Kc6 49.Rg6+ Kd7 50.Kc5 Rh1 51.Rg7+ Kd8 52.Rg6 Kd7 53.Rd6+ Kc7  1/2-1/2

[Event "Spring op"]
[Site "Budapest"]
[Date "1989.??.??"]
[Round "?"]
[White "Bronstein, David I"]
[Black "Rozentalis, Eduardas"]
[Result "1/2-1/2"]
[WhiteElo "2435"]
[BlackElo "2485"]

1.d4 Nf6 2.c4 e6 3.Nc3 Bb4 4.Nf3 O-O 5.Bg5 c5 6.e3 cxd4 7.exd4 Qa5 8.Qc2 Ne4
9.Bd2 Nxd2 10.Qxd2 Nc6 11.Be2 d6 12.O-O e5 13.Qc2 f5 14.a3 Bxc3 15.bxc3 Qc7
16.c5 e4 17.cxd6 Qxd6 18.Nd2 Be6 19.Qb2 b6 20.f3 e3 21.Nc4 Bxc4 22.Bxc4+ Kh8
23.f4 Na5 24.Ba2 Rfe8 25.Rae1 Re7 26.Rf3 Rae8 27.Re2 Qc6 28.Qc1 Qe4 29.a4 Qd3
30.Qe1 Qe4 31.Bb1 Qe6 32.Ba2 Qe4 33.Bb1 Qe6 34.Ba2 Qe4 35.Bb1  1/2-1/2

[Event "Elekes mem"]
[Site "Budapest"]
[Date "1989.??.??"]
[Round "?"]
[White "Schoen, Wolfram"]
[Black "Zsinka, Laszlo"]
[Result "1/2-1/2"]
[WhiteElo "2405"]
[BlackElo "2405"]

1.d4 Nf6 2.c4 e6 3.Nc3 Bb4 4.Nf3 b6 5.Bg5 Bb7 6.e3 h6 7.Bh4 c5 8.Bd3 cxd4
9.exd4 Bxf3 10.Qxf3 Nc6 11.Qe3 O-O 12.O-O Be7  1/2-1/2

[Event "Buenos Aires FMDA tt"]
[Site "Buenos Aires"]
[Date "1989.??.??"]
[Round "8"]
[White "Fraschini, Mariano"]
[Black "Julia, Ernesto"]
[Result "0-1"]
[WhiteElo "2240"]
[BlackElo "2280"]

1.d4 Nf6 2.c4 e6 3.Nc3 Bb4 4.Nf3 b6 5.g3 Bb7 6.Bg2 Bxc3+ 7.bxc3 d6 8.O-O Nbd7
9.a4 a5 10.Ba3 O-O 11.Nd2 Bxg2 12.Kxg2 Re8 13.e4 e5 14.Qf3 Qe7 15.Rfe1 Nf8
16.h3 N6d7 17.Qe3 Ng6 18.Rab1 Rab8 19.Nb3 Qe6 20.Qd3 Rbd8 21.Qf1 f5 22.exf5 Qxf5
23.c5 e4 24.cxd6 cxd6 25.Bxd6 Qf3+ 26.Kh2 Qxc3 27.Rec1 Qf3 28.Qg2 Qf5 29.Rb2 Qd5
30.Bc7 Rc8 31.Rc3 Nf6 32.Rbc2 Re6 33.Nd2 Qd7 34.Bf4 Rxc3 35.Rxc3 Qxa4 36.Rc8+ Re8
37.Rxe8+ Qxe8 38.Qf1 Nxf4 39.gxf4 Qb8 40.Nc4 Qxf4+ 41.Kg1 Qg5+ 42.Kh2 Qd5
43.Qc1  0-1

[Event "Caorle op"]
[Site "Caorle"]
[Date "1989.??.??"]
[Round "1"]
[White "Miladinovic, Igor"]
[Black "Drasko, Milan"]
[Result "1/2-1/2"]
[WhiteElo "2365"]
[BlackElo "2505"]

1.d4 Nf6 2.c4 e6 3.Nc3 Bb4 4.Nf3 c5 5.g3 Ne4 6.Qd3 Qa5 7.Qxe4 Bxc3+ 8.Bd2 Bxd2+
9.Nxd2 Nc6 10.dxc5 b6 11.Bg2 bxc5 12.Qd3 O-O 13.O-O Rb8 14.Bxc6 dxc6 15.Qc2 e5
16.Rad1 g6 17.Nb3 Qb4 18.Qe4 Bf5 19.Qxe5 Qxc4 20.Rc1 Rbe8 21.Qxe8 Qxc1 22.Rxc1 Rxe8
23.Kf1 Rb8 24.Rxc5 Bb1 25.Rxc6 Bxa2 26.Na5 Rxb2 27.Ra6 Bd5 28.f3 Ra2 29.Rxa7 Bc4
30.Nc6 Rxe2 31.Kg1 Kg7 32.Re7 Ra2 33.Re3 Be6 34.Ne5 Bh3 35.Nd3 Rg2+ 36.Kh1 Ra2
37.Kg1 g5 38.g4 h5 39.gxh5 Kh6 40.Ne5 Rg2+ 41.Kh1 f5 42.f4 g4 43.Nf7+ Kg7
44.Ng5 Rf2 45.Nxh3 gxh3  1/2-1/2

[Event "Caorle op"]
[Site "Caorle"]
[Date "1989.??.??"]
[Round "3"]
[White "Nikcevic, Nebojsa"]
[Black "Maksimovic, Branimir"]
[Result "1-0"]
[WhiteElo "2270"]
[BlackElo "2425"]

1.d4 Nf6 2.c4 e6 3.Nf3 Bb4+ 4.Nc3 b6 5.Qc2 Bb7 6.Bg5 h6 7.Bh4 g5 8.Bg3 Ne4
9.Be5 f6 10.d5 fxe5 11.Qxe4 Bxc3+ 12.bxc3 Qf6 13.h4 g4 14.Qxe5 Rf8 15.Qxf6 Rxf6
16.Ne5 h5 17.g3 exd5 18.Bg2 Nc6 19.Bxd5 Nxe5 20.Bxb7 Rb8 21.Bg2 Nxc4 22.Rd1 d6
23.Rd5 Ne5 24.O-O Ke7 25.f4 gxf3 26.exf3 c6 27.Rd4 d5 28.f4 Nc4 29.Re1+ Kd6
30.Kf2 b5 31.Bf3 Rh6 32.Be2 Kc5 33.f5 Nd6 34.Bd3 Rf6 35.Re6 Rxe6 36.fxe6 Re8
37.Bg6 Rxe6 38.Bxh5 Ne4+ 39.Kg2 Nxc3 40.Rf4 b4 41.g4 Re2+ 42.Rf2 Rxf2+ 43.Kxf2 a5
44.Ke3 a4 45.Kd3 Ne2 46.Kxe2 a3 47.Bg6 b3 48.Bb1 Kb4 49.h5 Kc3 50.h6 Kb2
51.h7 Kxb1 52.axb3 a2 53.h8=Q c5 54.g5 Kc2 55.Qa1  1-0

[Event "Caorle op"]
[Site "Caorle"]
[Date "1989.??.??"]
[Round "6"]
[White "Negro, Roberto"]
[Black "Portenier, J."]
[Result "0-1"]
[WhiteElo "1900"]
[BlackElo "2230"]

1.d4 Nf6 2.c4 e6 3.Nc3 Bb4 4.Nf3 b6 5.Qc2 Bb7 6.a3 Bxc3+ 7.Qxc3 Ne4 8.Qc2 O-O
9.e3 d6 10.Bd3 f5 11.b4 Nd7 12.Bb2 Qe7 13.O-O Ndf6 14.Nd2 Nxd2 15.Qxd2 Ne4
16.Qe2 Qh4 17.f3 Ng5 18.Qf2 Qh6 19.Rac1 Rae8 20.c5 Re7 21.c6 Bc8 22.f4 Nf7
23.Qc2 d5 24.b5 Kh8 25.a4 Rg8 26.a5 g5 27.axb6 axb6 28.Ra1 Qg7 29.Ra7 Nh6
30.g3 Ng4 31.Rf3 Qh6 32.Bc3 Reg7 33.Be1 Nf6 34.Qg2 Nh5 35.Ra2 Nf6 36.Rb2 Qg6
37.Ra2 h5 38.fxg5 Qxg5 39.h4 Qg4 40.Rd2 Re8 41.Re2 Qg6 42.Bc3 Qf7 43.Rb2 Reg8
44.Kh1 Rg4 45.Qh2 Qe7 46.Bb4 Qd8 47.Rg2 Ne4 48.Qg1 Nxg3+ 49.Rgxg3 Rxg3 50.Rxg3 Qxh4+
51.Qh2 Qxg3 52.Qxg3 Rxg3 53.Bf1 Rxe3 54.Be7 Rg3 55.Bd8 Rg7 56.Bf6 Kg8 57.Bxg7 Kxg7
58.Be2 Kg6 59.Kg2 Kg5 60.Kf3 e5 61.dxe5 f4  0-1

[Event "Clermont Ferrand"]
[Site "Clermont Ferrand"]
[Date "1989.??.??"]
[Round "?"]
[White "Spassky, Boris V"]
[Black "Sokolov, Andrei"]
[Result "1/2-1/2"]
[WhiteElo "2580"]
[BlackElo "2595"]

1.d4 Nf6 2.c4 e6 3.Nc3 Bb4 4.Nf3 c5 5.d5 Ne4 6.Qc2 Qf6 7.Bd2 Nxd2 8.Nxd2 Bxc3
9.bxc3 O-O 10.e3 d6 11.Bd3 h6 12.O-O Nd7 13.f4 Qe7 14.Rae1 Nf6 15.dxe6 Bxe6
16.e4  1/2-1/2

[Event "Clermont Ferrand"]
[Site "Clermont Ferrand"]
[Date "1989.??.??"]
[Round "?"]
[White "Lautier, Joel"]
[Black "Kortschnoj, Viktor"]
[Result "0-1"]
[WhiteElo "2465"]
[BlackElo "2655"]

1.d4 Nf6 2.c4 e6 3.Nc3 Bb4 4.Nf3 d5 5.Bg5 Nbd7 6.e3 c5 7.cxd5 exd5 8.Bd3 Qa5
9.Qc2 c4 10.Bf5 O-O 11.O-O Re8 12.Nd2 Be7 13.Rad1 h6 14.Bh4 Nb6 15.Rfe1 Qb4
16.e4 Bxf5 17.exf5 Nh5 18.Bg3 Nxg3 19.hxg3 Bf6 20.Nf3 Rad8 21.g4 a6 22.g3 Qd6
23.Qd2 Na8 24.Kg2 Nc7 25.Rh1 Nb5 26.Rh2 Nxc3 27.bxc3 Kf8 28.g5 Bxg5 29.Nxg5 hxg5
30.Qxg5 Qf6 31.Qf4 g5 32.fxg6 Qxg6 33.Rh6 Qe4+ 34.Qxe4 Rxe4 35.Kf3 Rd7 36.Rdh1 Ke7
37.Rb6 Kd8 38.Rh5 Re1 39.Rh8+ Kc7 40.Rf6 Rc1 41.Rh7 Rxc3+ 42.Kf4 Rc2 43.f3 Rxa2
44.Rfxf7 Rxf7+ 45.Rxf7+ Kc6 46.Rf6+ Kb5 47.Rf7 b6 48.Ke5 a5 49.Kxd5 a4 50.f4 a3
51.Ke4 Re2+ 52.Kf3 Re1 53.Ra7 c3  0-1

[Event "Edinburgh op"]
[Site "Edinburgh"]
[Date "1989.??.??"]
[Round "?"]
[White "Riemersma, Liafbern"]
[Black "Tozer, Richard"]
[Result "1-0"]
[WhiteElo "2380"]
[BlackElo "2305"]

1.d4 Nf6 2.c4 e6 3.Nc3 Bb4 4.Nf3 O-O 5.Bg5 c5 6.d5 h6 7.Bh4 d6 8.e3 Bxc3+
9.bxc3 e5 10.Qc2 Re8 11.Nd2 Nbd7 12.Bd3 Qe7 13.f3 Nf8 14.O-O g5 15.Bf2 Kg7
16.f4 e4 17.Be2 gxf4 18.Bh4 Ng6 19.Bxf6+ Qxf6 20.Bh5 Bf5 21.Bxg6 Bxg6 22.Rxf4 Qe5
23.Rb1 Re7 24.Nf1 Rb8 25.a4 Kh7 26.Ng3 Qg7 27.Rbf1 Re5 28.Rf6 Rd8 29.Qb2 Rd7
30.Qb5 Ree7 31.Qa5 b6 32.Qb5 Qh8 33.h4 Kg7 34.h5 Bh7 35.Qb2 Kf8 36.Qf2 Qg7
37.Qf4 Re5 38.Qxh6 Rg5 39.Qxg7+ Kxg7 40.h6+ Kg8 41.Nf5 Rg6 42.Rxg6+ Bxg6
43.g4 Kh7 44.g5 Bh5 45.Rf4 Kg6 46.Ng3 Bf3 47.Nxe4 Bxe4 48.Rxe4 Kxg5 49.h7 Rd8
50.Re7 Kg6 51.Rxa7 Kxh7 52.Rxf7+ Kg6 53.Ra7 Kf6 54.Kf2 Rh8 55.Ke2 Rh2+ 56.Kd3 Ra2
57.Rd7 Ke5 58.Re7+ Kf5 59.Re6 Rxa4 60.Rxd6  1-0